000 00804nam a2200265 a 4500
001 469
003 BR-CuiBMT
005 20231108152500.0
008 231107s2005 spb 000 0 eng d
020 _a8586314463
040 _aBR-CuiBMT
_cBR-CuiBMT
080 _22007
_a351.72
090 _a351.72
_bT649l
100 1 _aToledo Júnior, Flávio C. de
245 1 2 _aA Lei 4.320 no contexto da lei de responsabilidade fiscal /
_cFlávio C. de Toledo Jr., Sérgio Ciqueira Rossi.
250 _a1. ed.
260 _aSão Paulo :
_bNDJ,
_c2005.
300 _a273 p. ;
_c23 cm
504 _aInclui bibliografia.
650 _aResponsabilidade fiscal
_zBrasil
650 _aOrçamento público
_zBrasil
650 _aObrigação tributária
_zBrasil
700 1 _aRossi, Sérgio Ciquera
942 _2udc
_cLV
999 _c469
_d469